|
|
|
|
| LEADER |
00000nam a22000007a 4500 |
| 003 |
CL-VaPUC |
| 005 |
20220822114529.0 |
| 008 |
220629t1981 ||||| |||| 00| 0 eng d |
| 999 |
|
|
|c 436495
|d 436493
|
| 020 |
|
|
|a 3.511.04811.7 (b.1)
|
| 020 |
|
|
|a 3.511.04812.5 (b.2)
|
| 020 |
|
|
|a 3.511.04813.3 (b.3)
|
| 020 |
|
|
|a 3.511.04814.1 (b.4)
|
| 020 |
|
|
|a 3.511.04815.X (b.5)
|
| 020 |
|
|
|a 3.511.04816.8 (b.6)
|
| 020 |
|
|
|a 3.511.04817.6 (b.7)
|
| 020 |
|
|
|a 3.511.04818.4 (b.8)
|
| 020 |
|
|
|a 3.511.04819.2 (Register)
|
| 020 |
|
|
|a 3.511.04810.9 (o.c)
|
| 040 |
|
|
|c Pontificia Universidad Católica de Valparaíso
|
| 082 |
|
7 |
|a 340.54 SAV 1981
|2 22
|
| 100 |
|
|
|a Savigny, Friedrich Karl von
|9 870471
|d 1779-1861
|e autor
|
| 245 |
|
|
|a System des heutigen Römischen Rechts.
|
| 260 |
|
|
|a Aalen, Deutschland:
|b Scienta,
|c 1981.
|
| 300 |
|
|
|a 8 volúmenes (Bände) +
|b Register
|
| 500 |
|
|
|a B.1-8 + Register c.1 Donación Familia Prof. Alejandro Guzmán Brito.
|
| 505 |
|
|
|a 1. Bd. Quellen des heutigen römischen rechts. Die rechtsverhältnisse -- 2.-7. Bd. Die rechtsverhältnisse (forsetzung) -- 8. Bd. Herrschaft der rechtsregeln über die rechtsverhältnisse. Sachen- und Quellen-Register zu von Savigny's System des heutigen römischen Rechts / bearb. u. hrsg. von O.L. Heuser.
|
| 583 |
|
|
|c 20220629
|k Cristina María Rojas Aguilar
|
| 650 |
|
|
|a Derecho romano
|x Bibliografía
|9 871702
|
| 650 |
|
|
|a Derecho romano
|9 255930
|
| 650 |
|
|
|a Derecho internacional privado
|9 256361
|
| 650 |
|
|
|a Relaciones jurídicas
|9 431598
|
| 700 |
|
|
|a Heuser, O.L
|e editor
|9 871697
|
| 942 |
|
|
|2 ddc
|c BK
|n 0
|
| 952 |
|
|
|0 0
|1 0
|2 ddc
|4 0
|6 340_540000000000000_SAV_1981
|7 0
|8 C_AGB
|9 584164
|a BIBDER
|b BIBDER
|d 2022-06-29
|e Donación
|h B.1
|i 5652304
|o 340.54 SAV 1981
|p 5652304
|r 2023-01-25
|t 1
|w 2022-06-29
|y BK_US
|k AGB
|
| 952 |
|
|
|0 0
|1 0
|2 ddc
|4 0
|6 340_540000000000000_SAV_1981
|7 0
|8 C_AGB
|9 584165
|a BIBDER
|b BIBDER
|d 2022-06-29
|e Donación
|h B.2
|i 5652305
|o 340.54 SAV 1981
|p 5652305
|r 2023-01-25
|t 1
|w 2022-06-29
|y BK_US
|k AGB
|
| 952 |
|
|
|0 0
|1 0
|2 ddc
|4 0
|6 340_540000000000000_SAV_1981
|7 0
|8 C_AGB
|9 584167
|a BIBDER
|b BIBDER
|d 2022-06-29
|e Donación
|h B.3
|i 5652306
|o 340.54 SAV 1981
|p 5652306
|r 2023-01-25
|t 1
|w 2022-06-29
|y BK_US
|k AGB
|
| 952 |
|
|
|0 0
|1 0
|2 ddc
|4 0
|6 340_540000000000000_SAV_1981
|7 0
|8 C_AGB
|9 584168
|a BIBDER
|b BIBDER
|d 2022-06-29
|e Donación
|h B.4
|i 5652307
|o 340.54 SAV 1981
|p 5652307
|r 2023-01-25
|t 1
|w 2022-06-29
|y BK_US
|k AGB
|
| 952 |
|
|
|0 0
|1 0
|2 ddc
|4 0
|6 340_540000000000000_SAV_1981
|7 0
|8 C_AGB
|9 584169
|a BIBDER
|b BIBDER
|d 2022-06-29
|e Donación
|h B.5
|i 5652308
|o 340.54 SAV 1981
|p 5652308
|r 2023-01-25
|t 1
|w 2022-06-29
|y BK_US
|k AGB
|
| 952 |
|
|
|0 0
|1 0
|2 ddc
|4 0
|6 340_540000000000000_SAV_1981
|7 0
|8 C_AGB
|9 584170
|a BIBDER
|b BIBDER
|d 2022-06-29
|e Donación
|h B.6
|i 5652309
|o 340.54 SAV 1981
|p 5652309
|r 2023-01-25
|t 1
|w 2022-06-29
|y BK_US
|k AGB
|
| 952 |
|
|
|0 0
|1 0
|2 ddc
|4 0
|6 340_540000000000000_SAV_1981
|7 0
|8 C_AGB
|9 584171
|a BIBDER
|b BIBDER
|d 2022-06-29
|e Donación
|h B.7
|i 5652310
|o 340.54 SAV 1981
|p 5652310
|r 2023-01-25
|t 1
|w 2022-06-29
|y BK_US
|k AGB
|
| 952 |
|
|
|0 0
|1 0
|2 ddc
|4 0
|6 340_540000000000000_SAV_1981
|7 0
|8 C_AGB
|9 584172
|a BIBDER
|b BIBDER
|d 2022-06-29
|e Donación
|h B.8
|i 5652311
|o 340.54 SAV 1981
|p 5652311
|r 2023-01-25
|t 1
|w 2022-06-29
|y BK_US
|k AGB
|
| 952 |
|
|
|0 0
|1 0
|2 ddc
|4 0
|6 340_540000000000000_SAV_1981
|7 0
|8 C_AGB
|9 584173
|a BIBDER
|b BIBDER
|d 2022-06-29
|e Donación
|h Reg.
|i 5652312
|o 340.54 SAV 1981
|p 5652312
|r 2023-01-25
|t 1
|w 2022-06-29
|y BK_US
|k AGB
|